| 000 | 00466ntaaa2200181 4500 | ||
|---|---|---|---|
| 003 | 01 | ||
| 005 | 20251027203000.0 | ||
| 008 | 0714s1973 ag 01 | ||
| 040 |
_aAR-BaBN _bspa _cAR-BaBN _eaacr _dRIC |
||
| 082 | _a982.0860 F88L | ||
| 100 |
_aFreijo, Adrián Enrique _930777 |
||
| 245 | _aLecciones de nuestra historia reciente | ||
| 250 | _a1 ed. | ||
| 260 |
_aBuenos Aires : _bSudamericana, _c1977 |
||
| 300 | _a326 p | ||
| 650 | _aArgentina-historia | ||
| 942 | _cBK | ||
| 999 |
_c25218 _d25218 |
||